| 000 | 00959nam a2200289 i 4500 | ||
|---|---|---|---|
| 003 | EG-GICUC | ||
| 005 | 20260127093332.0 | ||
| 008 | 260127s2004 fr ||||fr|||| 001 0 fre d | ||
| 020 | _a2901626564 | ||
| 040 |
_aEG-GiCUC _bfre _cEG-GiCUC _dEG-GiCUC _eRda |
||
| 041 | 0 | _afre | |
| 082 | 0 | 4 |
_221 _a341.851 _bMO . C |
| 092 | 0 | 4 | _221 |
| 099 | _aLaw1 12 341.851 MO . C 2004 | ||
| 100 | 1 |
_aMourre , Alexis _eAuteur |
|
| 245 | 1 | 0 |
_aLes Cahiers de l'Arbitrage. _nVolume II / _cSats La Direction De Alexis Mourre Cabinet Castaldi Mourre Sprague. |
| 264 | 1 |
_aParis : _bGazette Du Palais Édition Juillet. _c2004. |
|
| 300 |
_a453 page, _c 24 cm. |
||
| 336 |
_2rda contenu _a texte |
||
| 337 |
_2rda medias _aOrdinateur |
||
| 338 |
_2 transporteur rda _a Ressource en ligne |
||
| 546 | _aTexte en français | ||
| 650 | 1 | 4 | _aDroit international privé |
| 856 | 4 | 0 | _uhttps://fll.law.cu.edu.eg/fulltext/bks/B12-02047.pdf |
| 905 | _a48 | ||
| 942 |
_2ddc _cBK _e21 _n0 |
||
| 999 |
_c59549 _d59549 |
||